Los 10 entrenadores de futbol con màs titulos - Estadísticas

Estadísticas generales
  • Esta prueba ha sido intentada 384 veces
  • La puntuación promedio es 2 de 10
Estadísticas de respuestas
Titulos en total Puesto Entrenador % Correcto
31 3 Pep Guardiola
97%
49 1 Alex Ferguson
59%
25 8 Jose Mourinho
59%
21 10 Arsene Wenger
21%
26 6 Felipe Scolari
3%
32 2 Mircea Lucescu
3%
23 9 Giovanni Trapattoni
2%
26 7 Jock Stein
2%
28 5 Ottmar Hitzfeld
2%
30 4 Valery Lobanovsky
1%
No se encontraron pruebas coincidentes
Distribución de puntuación
Porcentaje de gente con cada puntuación
Porcentaje por número respondido
Historial de tus puntuaciones
No has intentado esta prueba.